000 00669nam a2200181 a 4500
008 211203s2010 ||||||||||||||||| || u
020 _a9781349311736
050 _aHD 31 Bri
100 _aBrimm, Linda
245 1 0 _aGlobal cosmopolitans: the creative edge of difference
_cBy Linda Brimm
260 _aLondon
_bPalgrave Macmillan
_c2010
300 _axvi, 252 pages
350 _a79.13
650 _aBUSINESS STRATEGY/ LEADERSHIP
650 _aBUSINESS AND MANAGEMENT
650 _aINTERNATIONAL ECONOMICS
995 _FCBU-MAIN LIBRARY (Kitwe)
_I79.13
_UAVAILABLE
_WDec 7, 2021
_ZMain Library Open Access Collection
999 _c44624
_d44624